000 00655nam a2200229 a 4500
999 _c1081
_d1081
001 1081
003 BD-JhCC
005 20190925134018.0
008 171014s2008 b ||||| |||| 00| 0 ben d
020 _a9843107888
035 _a(BD-JhCC)1081
040 _aBD-JhCC
_dBD-JhCC
041 _aben
082 _223
_a891.4409
_bSHA 2008
100 _aশরীফ, আহমদ
245 _aদর্শনচিন্তা /
_cআহমদ শরীফ
260 _aঢাকা :
_bউত্তরণ,
_c২০০৮
300 _a335 p. :
_c22cm.
650 _aA collection of Essays
_xBangali Literature
942 _2ddc
_cBK
_01